000 00519nam a2200205Ia 4500
005 20241216010821.0
008 190212s9999||||xx |||||||||||||| ||und||
082 _a574.87
_bG39
100 _aGERARD R.W.
245 0 _aCELULAS INCANSABLES
250 _a0
260 _aARGENTINA
_bLIBRERIA HACHETTE S.A.
_c1944
300 _a431 pag
_c22 cm
341 _h0
490 _v0
_a0
505 _aMICROSCOPIO-BELLOTAS/MOLECULAS-ORGANISMO
541 _aC
_d07-Oct-99
_oSoles
650 _aCIENCIAS PURAS
942 _cLIBRO
999 _c24864
_d24864